Enseñanza humanística /
Guardado en:
| Autor Principal: | |
|---|---|
| Formato: | Libro |
| Publicado: |
Buenos Aires :
Guadalupe,
1973
|
| Materias: | |
| Etiquetas: |
Agregar Etiqueta
Sin Etiquetas, Sea el primero en etiquetar este registro!
|
| LEADER | 00729nam a22002055a 4500 | ||
|---|---|---|---|
| 001 | CEM.cems006844 | ||
| 005 | 20060214000000.0 | ||
| 008 | 130507s1973##################000#0#####d | ||
| 003 | CEMS | ||
| 082 | 0 | 4 | |a 370.19 |
| 100 | 1 | |a Clark, Donald H. | |
| 245 | 1 | 0 | |a Enseñanza humanística / |
| 260 | |a Buenos Aires : |b Guadalupe, |c 1973 | ||
| 300 | |a 214 p. | ||
| 505 | 0 | |a La escuela es para la gente, peque¤a y grande. El aula como comunidad humana. Soluciónes humanas para problemas comunes en la comunidad escolar. La comunidad en la escuela. | |
| 653 | |a Comunidad educativa | ||
| 653 | |a Disciplina escolar | ||
| 653 | |a Educacion | ||
| 653 | |a Sociologia de la educacion | ||
| 859 | |a CEMS |b BIB. CEMS - 11 de abril |h 370.19 |i C547 |p 14248.86 |t Ej.1 | ||
